00311cam a22001097a 4500008004000000020001500040082001300055100002100068245006300089260003900152300001000191180718b2006 xxu||||| |||| 00| 0 eng d a8182741920 aI51 W694 aWilson, Jerry R. a151 quick ideas to inspire your staffcBy. Jerry R. Wilson aNew DelhibManagement Updatec2006 a208p.